Super Bowl Matchups - Statistics

General Stats
  • This quiz has been taken 311 times
  • The average score is 26 of 28
Answer Stats
Answer % Correct
Chiefs
98%
Packers
97%
49ers
96%
Eagles
96%
Patriots
96%
Rams
96%
Bengals
95%
Broncos
95%
Colts
95%
Steelers
95%
Bears
94%
Buccaneers
94%
Cowboys
94%
Jets
94%
Ravens
94%
Seahawks
94%
Dolphins
93%
Falcons
93%
Giants
93%
Panthers
93%
Raiders
93%
Vikings
93%
Bills
92%
Cardinals
92%
Saints
92%
Redskins
91%
Titans
90%
Chargers
87%
No matching quizzes found
Score Distribution
Percent of People with Each Score
Percentile by Number Answered
Your Score History
You have not taken this quiz